Four-Letter Bible Answers #2 - Statistics

General Stats
  • This quiz has been taken 24 times
    5 since last reset
  • The average score is 16 of 20
Answer Stats
Hint Answer % Correct
The colourful clothing Joseph had Coat | Robe
100%
What gave Samson his strength Hair
100%
Opposite of Heaven Hell
100%
Canaan: 'The Land Flowing with ____ and Honey" Milk
100%
What was used to piece Jesus onto the cross Nail
100%
Book of the Bible named after a woman Ruth
100%
What Jesus turned water to Wine
100%
Book of the Bible about the early church Acts
80%
Husband of the above Boaz
80%
Animal Noah sent out of the ark Dove
80%
Hairy brother of Jacob Esau
80%
Animal Jonah was swallowed by Fish
80%
God saw what he made, and it was very ____ Good
80%
First king of Israel Saul
80%
Faith the size of a mustard ___ can move mountains Seed
80%
Eve ate from the ____ of Knowledge of Good and Evil Tree
80%
What Adam was made of Dust
60%
The angels sang: "___, ___, ___, is the Lord God Almight..." Holy
60%
Thing Peter found in the mouth of the above Coin
40%
Book of the Bible before Nehemiah Ezra
40%
No matching quizzes found
Score Distribution
Percent of People with Each Score
Percentile by Number Answered
Your Score History
You have not taken this quiz since the last reset